| 000 | 00747nam a2200241 a 4500 | ||
|---|---|---|---|
| 001 | BRCA_6925 | ||
| 005 | 20190320205637.0 | ||
| 008 | 161111s1948----u--a######---#000-0#eng-# | ||
| 041 | _aeng | ||
| 044 | _au | ||
| 050 | 4 |
_aSF421 _b.A54 _c1948 |
|
| 245 | 1 | 0 | _aAmerican Kennel gazette, pure-bred dogs |
| 260 |
_aNew York _bAmerican Kennel Club Inc. _c1948 |
||
| 300 |
_a356 p. _bil. _c24 cm. |
||
| 500 | _aAmerican Kennel Gazette, Vol. 65, No. 11, November 1948 | ||
| 500 | _aRevista inventariada por Banco de México como libro | ||
| 500 | _aEstado físico: lomo y cubiertas deterioradas | ||
| 500 | _aO144 | ||
| 650 | 1 | 4 |
_aPerros _xPublicaciones periódicas _917259 |
| 700 | 1 |
_aAmerican Kennel Club _917260 |
|
| 902 | _aGFM | ||
| 942 |
_2lcc _cB |
||
| 999 |
_c6607 _d6607 |
||